000
00242nam a2200097Ia 4500
008
240331s9999 xx 000 0 und d
082
_b
GRA
100
_a
Acro Editorial Board. ed
245
0
_a
Graduate record examination :
_b
economics
942
_c
L
999
_c
2557
_d
2557